[Event "Kemer Turkey Cup"]
[Site "Kemer"]
[Date "2014.02.06"]
[Round "7"]
[White "Isik, Engin Yasar"]
[Black "Erdogdu, Mert"]
[Result "0-1"]
[WhiteElo "2239"]
[BlackElo "2429"]
[PlyCount "102"]
[EventDate "2014.02.01"]
[EventType "swiss"]
[EventRounds "9"]
[EventCountry "TUR"]
[SourceTitle "CBM 158 Extra"]
[Source "ChessBase"]
[SourceDate "2014.02.28"]
[SourceVersion "1"]
[SourceVersionDate "2014.02.28"]
[SourceQuality "1"]

1. e4 e5 2. Nf3 Nc6 3. Bb5 a6 4. Ba4 Nf6 5. 0-0 Nxe4 6. d4 b5 7. Bb3 d5 8. dxe5 Be6 9. Be3 Be7 10. Nbd2 Nc5 11. Bxc5 Bxc5 12. c3 0-0 13. Qe2 Re8 14. Rfe1 Bb6 15. Rad1 Qe7 16. Nf1 Rad8 17. Ne3 d4 18. cxd4 Nxd4 19. Nxd4 Rxd4 20. Nd5 Bxd5 21. Bxd5 Qxe5 22. Rxd4 Qxe2 23. Rxe2 Rxe2 24. Re4 Bxf2+ 25. Kf1 Rxe4 26. Bxe4 Bc5 27. Bd3 g6 28. a4 bxa4 29. Bxa6 f5 30. Ke2 Kf7 31. Kf3 Kf6 32. h4 Bd4 33. Bb5 Bxb2 34. Bxa4 c5 35. Bb3 h6 36. g4 fxg4+ 37. Kxg4 Bc1 38. Bc4 g5 39. Bd3 Bd2 40. Kh5 Be1 41. hxg5+ hxg5 42. Kg4 Bd2 43. Kf3 Ke5 44. Ke2 Bf4 45. Kf3 Kd4 46. Bf5 c4 47. Ke2 c3 48. Kf3 Kc4 49. Bc2 Kd4 50. Bf5 Kc4 51. Bc2 Kb4 0-1

[Event "Kemer Turkey Cup"]
[Site "Kemer"]
[Date "2014.02.03"]
[Round "4"]
[White "Isik, Engin Yasar"]
[Black "Demircin, Kasim"]
[Result "1/2-1/2"]
[WhiteElo "2239"]
[BlackElo "1942"]
[PlyCount "116"]
[EventDate "2014.02.01"]
[EventType "swiss"]
[EventRounds "9"]
[EventCountry "TUR"]
[SourceTitle "CBM 158 Extra"]
[Source "ChessBase"]
[SourceDate "2014.02.28"]
[SourceVersion "1"]
[SourceVersionDate "2014.02.28"]
[SourceQuality "1"]

1. e4 c6 2. d4 d5 3. exd5 cxd5 4. c4 Nf6 5. Nc3 e6 6. Nf3 Be7 7. Bg5 0-0 8. c5 b6 9. b4 Nc6 10. b5 Na5 11. c6 a6 12. a4 Ne4 13. Bd2 Nxd2 14. Nxd2 Bb4 15. Rc1 e5 16. dxe5 d4 17. Nce4 Qd5 18. Bd3 Bf5 19. f3 Qxe5 20. Rb1 Bxe4 21. fxe4 Bxd2+ 22. Qxd2 axb5 23. Rxb5 Qe6 24. 0-0 Qxc6 25. Rc1 Qe6 26. Qb2 Rab8 27. Rd5 f5 28. Rc7 Rb7 29. Rxb7 Nxb7 30. Qxd4 fxe4 31. Qxe4 Qxe4 32. Bxe4 Nc5 33. Bc2 Rf4 34. a5 Rc4 35. Rd8+ Kf7 36. Bxh7 Rc1+ 37. Kf2 bxa5 38. Ra8 a4 39. g4 Kf6 40. h4 Rc4 41. g5+ Ke5 42. Kg3 Ne6 43. Ra5+ Nc5 44. Bg8 Rc3+ 45. Kg4 a3 46. Kh5 Kf5 47. Bh7+ Kf4 48. Kg6 Kg4 49. h5 Kf4 50. Bg8 Ne4 51. Ra4 Rg3 52. Bd5 Rxg5+ 53. Kf7 Rxd5 54. Kxg7 Rg5+ 55. Kf7 Rg3 56. h6 Ke5 57. Ra5+ Kf4 58. h7 Rh3 1/2-1/2

[Event "Kemer Turkey Cup"]
[Site "Kemer"]
[Date "2014.02.02"]
[Round "2"]
[White "Isik, Engin Yasar"]
[Black "Karayel, Atagun"]
[Result "1-0"]
[WhiteElo "2239"]
[BlackElo "1959"]
[PlyCount "67"]
[EventDate "2014.02.01"]
[EventType "swiss"]
[EventRounds "9"]
[EventCountry "TUR"]
[SourceTitle "CBM 158 Extra"]
[Source "ChessBase"]
[SourceDate "2014.02.28"]
[SourceVersion "1"]
[SourceVersionDate "2014.02.28"]
[SourceQuality "1"]

1. e4 e5 2. Nf3 Nc6 3. Bb5 a6 4. Ba4 d6 5. c3 Bd7 6. 0-0 Nf6 7. Re1 g6 8. d4 b5 9. Bb3 Bg7 10. a4 0-0 11. h3 Qe7 12. Nbd2 h6 13. Bc2 Rfd8 14. d5 Na5 15. b4 Nb7 16. c4 bxc4 17. Nxc4 c5 18. bxc5 Nxc5 19. Ba3 Rac8 20. Nfd2 Nh5 21. Rb1 Nf4 22. Re3 h5 23. Nf3 Bh6 24. Nb6 Rc7 25. Rc3 g5 26. Nh2 Bc8 27. Nf1 Bxh3 28. gxh3 Nxe4 29. Rxc7 Nxh3+ 30. Kh2 Qf6 31. Qe2 Nhxf2 32. Bxe4 Qf4+ 33. Kg2 g4 34. Bc1 1-0

[Event "TUR-chT"]
[Site "Denizli"]
[Date "2013.07.04"]
[Round "6.5"]
[White "Tsatsalashvili, Ketevan"]
[Black "Isik, Engin Yasar"]
[Result "1-0"]
[WhiteElo "2279"]
[BlackElo "2215"]
[PlyCount "49"]
[EventDate "2013.06.29"]
[EventType "team-tourn"]
[EventRounds "13"]
[EventCountry "TUR"]
[SourceTitle "CBM 155 Extra"]
[Source "ChessBase"]
[SourceDate "2013.08.26"]
[SourceVersion "1"]
[SourceVersionDate "2013.08.26"]
[SourceQuality "1"]
[WhiteTeam "Tarsus Zeka"]
[BlackTeam "Kahramanmaras Belediye"]
[WhiteTeamCountry "TUR"]
[BlackTeamCountry "TUR"]

1. d4 Nf6 2. Nf3 e6 3. c4 Bb4+ 4. Nbd2 0-0 5. a3 Bxd2+ 6. Bxd2 b6 7. Bg5 Bb7 8. e3 d6 9. Be2 Nbd7 10. 0-0 h6 11. Bh4 Qe7 12. Nd2 e5 13. d5 e4 14. Bg4 g5 15. Bxd7 Nxd7 16. Bg3 a5 17. Nb3 a4 18. Nd4 Nc5 19. f4 exf3 20. Qxf3 Bc8 21. Nc6 Qe4 22. Qh5 Kg7 23. Rf6 Qh7 24. Raf1 Qg6 25. Qxg6+ 1-0

[Event "TUR-chT"]
[Site "Denizli"]
[Date "2013.06.29"]
[Round "1.4"]
[White "Markus, Robert"]
[Black "Isik, Engin Yasar"]
[Result "1-0"]
[WhiteElo "2611"]
[BlackElo "2215"]
[PlyCount "85"]
[EventDate "2013.06.29"]
[EventType "team-tourn"]
[EventRounds "13"]
[EventCountry "TUR"]
[SourceTitle "CBM 155 Extra"]
[Source "ChessBase"]
[SourceDate "2013.08.26"]
[SourceVersion "1"]
[SourceVersionDate "2013.08.26"]
[SourceQuality "1"]
[WhiteTeam "Besiktas Jimnastik"]
[BlackTeam "Kahramanmaras Belediye"]
[WhiteTeamCountry "TUR"]
[BlackTeamCountry "TUR"]

1. d4 Nf6 2. c4 e6 3. Nf3 Bb4+ 4. Bd2 Bxd2+ 5. Qxd2 d5 6. g3 Nbd7 7. Bg2 c6 8. 0-0 0-0 9. Rc1 Ne4 10. Qf4 Qf6 11. Qe3 b5 12. cxb5 cxb5 13. Nbd2 Nxd2 14. Qxd2 a5 15. b3 Qd8 16. Qf4 Ra7 17. Rc2 Ba6 18. Rac1 b4 19. Bf1 Bb5 20. e3 Bxf1 21. Kxf1 Qf6 22. Rc7 Qxf4 23. gxf4 Rfa8 24. Rxa7 Rxa7 25. Rc8+ Nf8 26. Ne5 f6 27. Nc6 Ra6 28. Ke2 Kf7 29. Kd2 g5 30. fxg5 fxg5 31. Rc7+ Kg8 32. Ne5 Ra8 33. Ng4 Kh8 34. Nf6 a4 35. Rf7 axb3 36. axb3 Ra2+ 37. Ke1 Ra8 38. Kf1 Rb8 39. Kg2 Rc8 40. Kg3 h5 41. h4 gxh4+ 42. Kxh4 Rc3 43. Kg5 1-0

[Event "TUR-ch"]
[Site "Kemer"]
[Date "2012.02.01"]
[Round "6"]
[White "Metin, Oguz"]
[Black "Isik, Engin Yasar"]
[Result "1/2-1/2"]
[WhiteElo "2005"]
[BlackElo "2217"]
[PlyCount "64"]
[EventDate "2012.01.29"]
[EventType "swiss"]
[EventRounds "10"]
[EventCountry "TUR"]
[SourceTitle "CBM 146 Extra"]
[Source "ChessBase"]
[SourceDate "2012.02.29"]
[SourceVersion "1"]
[SourceVersionDate "2012.02.29"]
[SourceQuality "1"]

1. d4 Nf6 2. Nf3 g6 3. g3 Bg7 4. Bg2 0-0 5. 0-0 d5 6. c4 dxc4 7. Qc2 Nc6 8. Qxc4 Be6 9. Qa4 Nd5 10. e3 h6 11. a3 a5 12. Nbd2 Qd7 13. Re1 Rfd8 14. Qc2 Nb6 15. b3 Bf5 16. Qc5 Bd3 17. Bb2 Ba6 18. Rad1 e6 19. Qc1 Qe7 20. Ne5 Nxe5 21. dxe5 a4 22. b4 c6 23. Bd4 Qc7 24. Qc3 Nd5 25. Qb2 Ne7 26. Ne4 Nf5 27. Nd6 Nxd6 28. exd6 Qxd6 29. Bxg7 Qxd1 30. Rxd1 Rxd1+ 31. Bf1 Bxf1 32. h3 Kh7 1/2-1/2